00458nam a22001577a 450000500170000001000150001702000260003203500130005803700130007108200060008410000210009024500760011126000400018727000520022730000210027920150717114918.0 aENG-113249 c245.00a9789382711643 aEN-96781 bDBAD/PUB aS aChowdhury, K. L. aWhy don't you convert? :cby K. L. Chowdhuryband other short stories / aNew DelhibVitasta Publishingc2015 a2/15, Ansari Road, DaryaganjbNew Delhie110002 a263p.c21cm(pbk)